Entourage de Naruto dans Naruto - Statistiques

Statistiques générales
  • Ce quiz a été pris 86 fois
  • Le résultat moyen est 20 sur 24
Statistiques - réponses
Lien avec Naruto Personnage % Correct
Sensei Jiraya
100%
Sensei Kakashi Hatake
100%
Père Minato Namikaze
100%
Camarade et amie proche Sakura Haruno
100%
Meilleur ami et second Sasuke Uchiwa
100%
Epouse Hinata Hyuga
96%
Fils Boruto Uzumaki
94%
Meilleur ami puis bras droit Shikamaru Nara
93%
Disciple Konohamaru Sarutobi
90%
Ami Choji Akimichi
87%
Mère Kushina Uzumaki
87%
Amie Ino Yamanaka
85%
Sensei et père adoptif Iruka Umino
85%
Ami Neji Hyuga
85%
Ami Rock Lee
85%
Ami Kiba Inuzuka
77%
Ami Shino Aburame
76%
Amie Tenten
73%
Fille Himawari Uzumaki
70%
Restaurateur favori Ichiraku
65%
Ami proche Gaara
62%
Fils adoptif Kawaki
58%
Sensei Yamato
55%
Mentor et ami Killer Bee
38%
Aucun quiz correspondant
Distribution des résultats
% des personnes avec chaque résultat
Percentile par nombre de réponses
Votre historique - résultats
Vous n’avez pas pris ce quiz